<?xml version="1.0" encoding="UTF-8"?>
<record
    xmlns:xsi="http://www.w3.org/2001/XMLSchema-instance"
    xsi:schemaLocation="http://www.loc.gov/MARC21/slim http://www.loc.gov/standards/marcxml/schema/MARC21slim.xsd"
    xmlns="http://www.loc.gov/MARC21/slim">

  <leader>02134nam a2200337 i 4500</leader>
  <controlfield tag="001">000045878</controlfield>
  <controlfield tag="003">DO-SdBNP</controlfield>
  <controlfield tag="005">20250930121742.0</controlfield>
  <controlfield tag="007">ta</controlfield>
  <controlfield tag="008">150410s2015    dr a          000 0 spa d</controlfield>
  <datafield tag="040" ind1=" " ind2=" ">
    <subfield code="a">DO-SdBNP</subfield>
    <subfield code="b">spa</subfield>
    <subfield code="c">BNPHU</subfield>
    <subfield code="e">rda</subfield>
  </datafield>
  <datafield tag="041" ind1=" " ind2=" ">
    <subfield code="a">spa</subfield>
  </datafield>
  <datafield tag="082" ind1=" " ind2=" ">
    <subfield code="a">RD864.44   </subfield>
    <subfield code="b">Z18a, 2015</subfield>
    <subfield code="2">22</subfield>
  </datafield>
  <datafield tag="100" ind1="1" ind2=" ">
    <subfield code="a">Zaglul, Antonio,</subfield>
    <subfield code="d">1920-1996</subfield>
    <subfield code="e">autor</subfield>
    <subfield code="4">aut.</subfield>
    <subfield code="9">69657</subfield>
  </datafield>
  <datafield tag="245" ind1="1" ind2="0">
    <subfield code="a">Apuntes /</subfield>
    <subfield code="c">Antonio Zaglul.</subfield>
  </datafield>
  <datafield tag="264" ind1=" " ind2="1">
    <subfield code="a">Santo Domingo :</subfield>
    <subfield code="b">Letragr&#xE1;fica,</subfield>
    <subfield code="c">2015.</subfield>
  </datafield>
  <datafield tag="300" ind1=" " ind2=" ">
    <subfield code="a">143 p&#xE1;ginas ;</subfield>
    <subfield code="c">22 cm.</subfield>
  </datafield>
  <datafield tag="336" ind1=" " ind2=" ">
    <subfield code="a">texto</subfield>
    <subfield code="b">txt</subfield>
    <subfield code="2">rdacontent</subfield>
  </datafield>
  <datafield tag="337" ind1=" " ind2=" ">
    <subfield code="a">sin mediaci&#xF3;n</subfield>
    <subfield code="b">n</subfield>
    <subfield code="2">rdamedia</subfield>
  </datafield>
  <datafield tag="338" ind1=" " ind2=" ">
    <subfield code="a">volumen</subfield>
    <subfield code="b">nc</subfield>
    <subfield code="2">rdacarrier</subfield>
  </datafield>
  <datafield tag="490" ind1="1" ind2=" ">
    <subfield code="a">Libros para todos</subfield>
  </datafield>
  <datafield tag="505" ind1="0" ind2=" ">
    <subfield code="t">Apuntes sobre los apuntes --</subfield>
    <subfield code="t">Brev&#xED;sima y traumatizante historia de un pueblo --</subfield>
    <subfield code="t">Apuntes para la etnograf&#xED;a dominicana --</subfield>
    <subfield code="t">"El gancho": la paranoia del dominicano --</subfield>
    <subfield code="t">La sub-estimaci&#xF3;n de lo nuestro I --</subfield>
    <subfield code="t">El dominicano y su lenguaje --</subfield>
    <subfield code="t">Cultura y nacionalismo --</subfield>
    <subfield code="t">Alimentaci&#xF3;n y malos h&#xE1;bitos alimentarios --</subfield>
    <subfield code="t">El dominicano y su comida --</subfield>
    <subfield code="t">Nuestras cosas perdidas --</subfield>
    <subfield code="t">El dominicano y su pena --</subfield>
    <subfield code="t">Ah no. Yo no s&#xE9;, no... y el "no me doy cuenta" --</subfield>
    <subfield code="t">Jaragua motors, Polanco radio and the rent cars --</subfield>
    <subfield code="t">El dominicano, turista y ge&#xF3;grafo -- Requiem por mis perros --</subfield>
    <subfield code="t">R&#xE9;quiem por mis perros --</subfield>
    <subfield code="t">&#xBF;Qui&#xE9;n nos cuida?</subfield>
    <subfield code="t">&#xBF;Somos malhumorados? --</subfield>
    <subfield code="t">Un querer mejor para nuestras cosas --</subfield>
    <subfield code="t">El arte de despotricar un pa&#xED;s --</subfield>
    <subfield code="t">Complejo de isle&#xF1;o --</subfield>
    <subfield code="t">Caja de resonancia --</subfield>
    <subfield code="t">Son santiagueros, no santiaguenses --</subfield>
    <subfield code="t">Un dominicano es siempre un dominicano --</subfield>
    <subfield code="t">&#xBF;El Bovarismo nuestro? --</subfield>
    <subfield code="t">Nuestro productos --</subfield>
    <subfield code="t">Estar chivo y bronco, &#xBF;es paranoia? --</subfield>
    <subfield code="t">Dominicana es un vocablo no dominicano --</subfield>
    <subfield code="t">El sifilazo --</subfield>
    <subfield code="t">Somos pesimistas --</subfield>
    <subfield code="t">El regreso a las cavernas --</subfield>
    <subfield code="t">Red beach --</subfield>
    <subfield code="t">Colof&#xF3;n.</subfield>
  </datafield>
  <datafield tag="590" ind1=" " ind2=" ">
    <subfield code="a">Inventariado, 2025/ YL</subfield>
  </datafield>
  <datafield tag="650" ind1=" " ind2="4">
    <subfield code="a">Ensayos dominicanos</subfield>
    <subfield code="9">65</subfield>
  </datafield>
  <datafield tag="650" ind1=" " ind2="4">
    <subfield code="a">Literatura dominicana.</subfield>
    <subfield code="9">67</subfield>
  </datafield>
  <datafield tag="651" ind1=" " ind2="4">
    <subfield code="a">Rep&#xFA;blica Dominicana</subfield>
    <subfield code="9">78065</subfield>
    <subfield code="x">Vida Social Y Costumbres</subfield>
  </datafield>
  <datafield tag="651" ind1=" " ind2="4">
    <subfield code="a">Rep&#xFA;blica Dominicana</subfield>
    <subfield code="9">78065</subfield>
    <subfield code="x">Aspectos Sociales</subfield>
  </datafield>
  <datafield tag="830" ind1=" " ind2="0">
    <subfield code="a">Libros para todos</subfield>
    <subfield code="9">7034</subfield>
  </datafield>
  <datafield tag="910" ind1=" " ind2=" ">
    <subfield code="a">YLockward. Validado. Control de Calidad/MAA</subfield>
  </datafield>
  <datafield tag="942" ind1=" " ind2=" ">
    <subfield code="2">ddc</subfield>
    <subfield code="c">LBS1</subfield>
  </datafield>
  <datafield tag="952" ind1=" " ind2=" ">
    <subfield code="0">0</subfield>
    <subfield code="1">0</subfield>
    <subfield code="2">ddc</subfield>
    <subfield code="5">6</subfield>
    <subfield code="7">0</subfield>
    <subfield code="8">DS</subfield>
    <subfield code="a">BNPHU</subfield>
    <subfield code="b">BNPHU</subfield>
    <subfield code="c">HD</subfield>
    <subfield code="d">2015-05-14</subfield>
    <subfield code="e">Dep&#xF3;sito Legal editora B&#xFA;ho</subfield>
    <subfield code="l">0</subfield>
    <subfield code="o">BNPHU DS RD864.44 Z18a</subfield>
    <subfield code="p">45878-30</subfield>
    <subfield code="r">2020-06-25</subfield>
    <subfield code="t">e. 3</subfield>
    <subfield code="w">2020-06-25</subfield>
    <subfield code="y">LBS1</subfield>
    <subfield code="Z">Pr&#xE9;stamo en sala</subfield>
  </datafield>
  <datafield tag="952" ind1=" " ind2=" ">
    <subfield code="0">0</subfield>
    <subfield code="1">0</subfield>
    <subfield code="2">ddc</subfield>
    <subfield code="5">1</subfield>
    <subfield code="7">0</subfield>
    <subfield code="8">PD</subfield>
    <subfield code="a">BNPHU</subfield>
    <subfield code="b">BNPHU</subfield>
    <subfield code="c">HD</subfield>
    <subfield code="d">2015-05-14</subfield>
    <subfield code="e">Dep&#xF3;sito Legal editora B&#xFA;ho</subfield>
    <subfield code="l">0</subfield>
    <subfield code="o">BNPHU PD RD864.44 Z18a</subfield>
    <subfield code="p">45878-10</subfield>
    <subfield code="r">2020-06-25</subfield>
    <subfield code="y">LBS1</subfield>
    <subfield code="Z">No se presta</subfield>
  </datafield>
  <datafield tag="952" ind1=" " ind2=" ">
    <subfield code="0">0</subfield>
    <subfield code="1">0</subfield>
    <subfield code="2">ddc</subfield>
    <subfield code="5">1</subfield>
    <subfield code="7">0</subfield>
    <subfield code="8">PD</subfield>
    <subfield code="a">BNPHU</subfield>
    <subfield code="b">BNPHU</subfield>
    <subfield code="c">HD</subfield>
    <subfield code="d">2015-05-14</subfield>
    <subfield code="e">Dep&#xF3;sito Legal editora B&#xFA;ho</subfield>
    <subfield code="l">0</subfield>
    <subfield code="o">BNPHU PD RD864.44 Z18a</subfield>
    <subfield code="p">45878-20</subfield>
    <subfield code="r">2020-06-25</subfield>
    <subfield code="t">e. 2</subfield>
    <subfield code="w">2020-06-25</subfield>
    <subfield code="y">LBS1</subfield>
    <subfield code="Z">No se presta</subfield>
  </datafield>
  <datafield tag="999" ind1=" " ind2=" ">
    <subfield code="c">45367</subfield>
    <subfield code="d">45367</subfield>
  </datafield>
</record>
